000 00692nam a22002177a 4500
005 20140206163642.0
010 _aENG-109120
020 _a9788174469809
_c595.00
035 _aEN-92653
037 _bDBAD/PUB
082 _a379.54
245 _aInternationalization of higher education /
_cedited by Rajani Gupte , Bhama Venkataramani [and] Deepa Gupta
260 _aNew Delhi
_bExcel Books
_c2011
270 _aA- 45, Naraina, Phase 1
_bNew Delhi
_e110028
300 _axvi,328p.
_c24cm(pbk)
500 _aIncludes bibliographical references
700 _aGupte, Rajani
700 _aVenkataramani, Bhama
700 _aGupta, Deepa
942 _2ddc
_cEN
_mINT
_h379.54
999 _c81960
_d81960